| 000 | 00912cam a22001935a 4500 | ||
|---|---|---|---|
| 001 | L150213 | ||
| 008 | 100614e2010 xxk 000 0 eng d | ||
| 035 | _a(Sirsi) u150213 | ||
| 041 | 0 | _aeng | |
| 110 | 2 |
_aProperty Week _91549 |
|
| 245 | 0 | 0 | _aHigh street vacancies rise to 11% |
| 260 | _c2010 | ||
| 490 | 0 |
_aProperty Week _v76(22) 4 June 2010, 36(1) |
|
| 520 | _aThe average availability rate across some of Great Britain's top streets was 11.1% at 1 May 2010 according to Cushman and Wakefield's latest research, a fall from 12.2% in 2009. The market feels that retail availability is declining but this is not yet reflected by the statistics. Availability as a consequence of administrations is a diminishing factor and shopping centre availability appears to be lower. | ||
| 590 | _aKA | ||
| 651 | 4 |
_aUnited Kingdom _y |
|
| 690 | _aPROPERTY-COMMERCIAL PROPERTY-COMMERCIAL PROPERTY MARKET | ||
| 942 | _n0 | ||
| 999 |
_c82423 _d82423 |
||